| 000 | 01265nam a22003497a 4500 | ||
|---|---|---|---|
| 001 | 3941778 | ||
| 003 | OSt | ||
| 005 | 20210426100726.0 | ||
| 008 | 930127s1993 njua b 001 0 eng | ||
| 010 | _a 93016290 | ||
| 020 | _a069103253X (alk. paper) | ||
| 040 |
_aDLC _cDLC _dDLC _beng |
||
| 041 | _aeng | ||
| 043 | _ae-ur-un | ||
| 050 | 0 | 0 |
_aDK508.935 _b.H36 1993 |
| 080 |
_a94 _bH-20 |
||
| 082 | 0 | 0 |
_a947/.714 _220 |
| 100 | 1 | _aHamm, Michael F. | |
| 245 | 0 | 0 |
_aKiev :a portrait, 1800-1917 / _bMichael F. Hamm. _c/ by: Princeton University Press |
| 260 |
_aPrinceton, N.J. _bPrinceton University Press _cc1993. |
||
| 300 |
_axvii, 304 p. _bill. _c25 cm. |
||
| 365 | _b29.95 usd | ||
| 504 | _aIncludes bibliographical references (p. [237]-286) and index. | ||
| 650 | 0 |
_9252 _aHistory |
|
| 651 | 0 |
_aKyïv (Ukraine) _xHistory. |
|
| 653 | _aისტორია | ||
| 856 | 4 | 2 |
_3Publisher description _uhttp://www.loc.gov/catdir/description/prin031/93016290.html |
| 856 | 4 | 1 |
_3Table of contents _uhttp://www.loc.gov/catdir/toc/prin031/93016290.html |
| 906 |
_a7 _bcbc _corignew _d1 _eocip _f19 _gy-gencatlg |
||
| 942 |
_2udc _cBK |
||
| 999 |
_c1278 _d1278 |
||